000 00182 a2200097 4500
020 _a9780593565612
041 _aspa
100 _aMurray,Diana
245 _aPuerco pizza
942 _cBK
999 _c31590
_d31588